000 01479nam0a22003131 4500
001 rc\2277118
005 20250623040617.0
035 _a(NLR Aleph) 006557001
090 _a6802579
_c6802579
100 _a20110829d1979 |||y0rusy50 ca
101 0 _arus
102 _aRU
105 _ay z |||||
200 1 _aСовершенствование механизма стимулирования работников за повышение качества продукции
210 _aМинск
_cБелНИИНТИ
_d1979
215 _a33 с.
_d20
225 1 _aСерия "Экономические проблемы научно-технического прогресса и управление качеством продукции"
_eОбзор. информ.
_fБелорус. НИИ НТИ и техн.-экон. исслед.
320 _aБиблиогр.: с. 32 (16 назв.)
606 _aПромышленная продукция
_xКачество
_jОбзоры литературы информационные
_xЭкономическое стимулирование
_2psbo
686 _aУ9(2)301-823.2-89
_2rubbk
700 1 _aПодобед
_bС.П.
_gСтанислав Павлович
701 1 _aМайзет
_bР.В.
_gРаиса Викторовна
801 0 _aRU
_bNLR
_gpsbo
801 1 _aRU
_bELAR
_2rusmarc
852 _aNLR
_j80-4/15882
899 _aRuMoRGB
_jB 80-37/31
899 _aRuMoRGB
_jB 80-37/32
942 _cBOOK
980 _aNB